Anar al contingut

Наука-2020, 2021, № 7 (52) научный журнал

Guardat en:
Dades bibliogràfiques
Format: Журнал
Accés en línia:https://znanium.ru/catalog/document?id=448756
https://znanium.ru/cover/2161/2161811.jpg
Etiquetes: Afegir etiqueta
Sense etiquetes, Sigues el primer a etiquetar aquest registre!
LEADER 01244nam0a2200289 i 4500
001 RU\infra-m\znanium\bibl\2161811
003 https://znanium.ru/catalog/document?id=448756
005 20240926000000.0
100 |a 20240926d2024 m y0rusy0150 ca 
101 0 |a rus 
102 |a RU 
200 1 |a Наука-2020, 2021, № 7 (52)  |e научный журнал  |e Журнал 
210 1 |a Орел  |c Межрегиональная Академия безопасности и выживания  |d 2021 
215 |a 178 с. 
333 |a ВО - Магистратура 
606 |a Спорт. Самооборона. Физкультура  |x Физкультура  |2 local 
608 |a Журнал  |2 local 
675 |a 3799  |z rus 
675 |a 796  |z rus 
686 |a 75  |2 rubbk 
686 |a 758  |2 rubbk 
686 |a 43.00.00  |2 okso 
686 |a 44.00.00  |2 okso 
686 |a 49.00.00  |2 okso 
801 0 |a RU  |b Общество с ограниченной ответственностью «ЗНАНИУМ»  |c 20240620  |2 rusmarc 
856 4 |a znanium.ru  |m ebs_support@infra-m.ru  |n НИЦ ИНФРА-М  |u https://znanium.ru/catalog/document?id=448756 
856 4 1 |a znanium.ru  |d /cover/2161  |f 2161811.jpg  |q image/jpeg  |u https://znanium.ru/cover/2161/2161811.jpg